ការស្តាប់អត្ថបទ ភាសាខ្មែរ : (Record no. 3630)
[ view plain ]
| 000 -LEADER | |
|---|---|
| fixed length control field | 01419nam a22002537a 4500 |
| 001 - CONTROL NUMBER | |
| control field | 3630 |
| 003 - CONTROL NUMBER IDENTIFIER | |
| control field | FISKH |
| 005 - DATE AND TIME OF LATEST TRANSACTION | |
| control field | 20240401100321.0 |
| 008 - FIXED-LENGTH DATA ELEMENTS--GENERAL INFORMATION | |
| fixed length control field | 240401b cb ||||| |||| 00| 0 eng d |
| 020 ## - INTERNATIONAL STANDARD BOOK NUMBER | |
| International Standard Book Number | 9789996335266 |
| 040 ## - CATALOGING SOURCE | |
| Original cataloging agency | FISKH |
| Language of cataloging | khr |
| Transcribing agency | FISKH |
| Modifying agency | FISKH |
| 050 ## - LIBRARY OF CONGRESS CALL NUMBER | |
| Classification number | PZ7 |
| 082 ## - DEWEY DECIMAL CLASSIFICATION NUMBER | |
| Classification number | 495.9 |
| 100 ## - MAIN ENTRY--PERSONAL NAME | |
| Personal name | Lis, Chhun |
| 245 ## - TITLE STATEMENT | |
| Title | ការស្តាប់អត្ថបទ ភាសាខ្មែរ : |
| Remainder of title | បឋមភូមិ និងទុតិយភូមិ / |
| Statement of responsibility, etc. | រៀបរៀងដោយ : លោក ឈុន លិះ |
| 260 ## - PUBLICATION, DISTRIBUTION, ETC. | |
| Place of publication, distribution, etc. | ភ្នំពេញ : |
| Name of publisher, distributor, etc. | បណ្ណាគារ បន្ទាយស្រី, |
| Date of publication, distribution, etc. | 2012. |
| 300 ## - PHYSICAL DESCRIPTION | |
| Extent | 152 pages : |
| Dimensions | 21 cm |
| 520 ## - SUMMARY, ETC. | |
| Summary, etc. | ជាសៀវភៅដែលចងក្រងឡើងដើម្បីជាជំនួយ និងតម្រូវការចាំបាច សម្រាប់លោកគ្រូអ្នកគ្រូ នៅក្នុងការបង្ហាត់បង្រៀនដល់សិស្សានុសិស្សដែលជាកុលបុត្រខ្មែរ។ |
| 520 ## - SUMMARY, ETC. | |
| Summary, etc. | A book compiled to be an aid and a necessity for teachers in the training of students who are of Khmer descent. |
| 650 ## - SUBJECT ADDED ENTRY--TOPICAL TERM | |
| Topical term or geographic name entry element | សៀវភៅអំណាន |
| General subdivision | សៀវភៅជំនួយបន្ថែម |
| 650 ## - SUBJECT ADDED ENTRY--TOPICAL TERM | |
| Topical term or geographic name entry element | Reading Book អាន |
| General subdivision | Extra Book |
| 942 ## - ADDED ENTRY ELEMENTS (KOHA) | |
| Source of classification or shelving scheme | Dewey Decimal Classification |
| Koha item type | Khmer Books |
| Suppress in OPAC | No |
| Withdrawn status | Lost status | Source of classification or shelving scheme | Damaged status | Not for loan | Collection | Home library | Current library | Shelving location | Date acquired | Total Checkouts | Full call number | Barcode | Date last seen | Price effective from | Koha item type |
|---|---|---|---|---|---|---|---|---|---|---|---|---|---|---|---|
| Dewey Decimal Classification | Reference | Footprints International School Library Network Toul Kork Campus | Footprints International School Library Network Toul Kork Campus | TK Old Khmer Books (Rear Hallway Shelf 3) | 04/01/2024 | LIS 495.9 PZ7 | 2024-0426 | 04/01/2024 | 04/01/2024 | Khmer Books |
